000 00728nam a22001937a 4500
999 _c17693
_d17693
003 AR-CdUCM
008 190509b ||||| |||| 00| 0 spa d
040 _aMUNICIPALIDAD PROVINCIAL DEL CUSCO
_cBIBLIOTECA MUNICIPAL DEL CUSCO
082 _a943.7 /
_bK76
100 _aKorbel, Josef.
_937835
245 _aLa conquista de Checoslovaquia :
_b1938 - 1948 /
260 _aBuenos Aires :
_bIndice,
_c1964.
300 _a259 páginas ;
_c20 cm.
505 _aContenido : Visión retrospectiva -- El partido comunista de Checoslovaquia -- De Munich a Supermunich -- En disfraz de patriotas -- Un viaje funesto ...
650 _aChecoslovaquia.
_937836
650 _aMoscú.
_94830
942 _2ddc
_cLIBROS
945 _arum
_d2019-05-09